000 00912nam a2200193 a 4500
008 120416s0000 ||||||||||||||||| || u
020 _a0748744495
050 _aTK 7868.D5 Sto
100 _aStonham, T. J
245 1 0 _aDigital logic techniques
246 _aprinciples and practice
250 _a3rd ed.
260 _aChelenham
_bChapman & Hall
_c1996
300 _axii, 199p. : ill.
350 _a0.00
995 _aMAIN LIBRARY OPEN ACCESS
_D0.00
_e735565
_FCBU-MAIN LIBRARY (Kitwe)
_H1
_I17.90
_jTK 7868.D5 Sto
_M1
_UAVAILABLE
_y48576
_ZMain Library Open Access Collection
995 _aANNEX COLLECTION (Main Library)
_D0.00
_e735566
_FCBU-MAIN LIBRARY (Kitwe)
_H3
_I17.90
_jTK 7868.D5 Sto
_M3
_UAVAILABLE
_WJun 27, 2006
_y48574
_ZAnnex Low-Usage Collection
995 _aMAIN LIBRARY OPEN ACCESS
_D0.00
_e735567
_FCBU-MAIN LIBRARY (Kitwe)
_H2
_I17.90
_jTK 7868.D5 Sto
_M2
_UAVAILABLE
_y48676
_ZMain Library Open Access Collection
999 _c63564
_d63564